[Event "COL sub zt 2.3.4"]
[Site "La Dorada"]
[Date "2016.11.03"]
[Round "3"]
[White "Silva, Jorge"]
[Black "Aponte Castillo, Jose Ernesto"]
[Result "1-0"]
[WhiteElo "1924"]
[BlackElo "2057"]
[PlyCount "91"]
[EventDate "2016.11.02"]
[EventType "swiss"]
[EventRounds "9"]
[EventCountry "COL"]
[SourceTitle "CBM 175 Extra"]
[Source "ChessBase"]
[SourceDate "2016.12.12"]
[SourceVersion "1"]
[SourceVersionDate "2016.12.12"]
[SourceQuality "1"]

1. e4 Nf6 2. e5 Nd5 3. d4 d6 4. Nf3 g6 5. Bc4 c6 6. h3 Bg7 7. exd6 Qxd6 8. 0-0 0-0 9. Re1 Be6 10. Bb3 a5 11. c4 Nf6 12. c5 Bxb3 13. Qxb3 Qc7 14. Nc3 Na6 15. a3 Rad8 16. Bg5 Rfe8 17. Bh4 Nd5 18. Bg3 Qc8 19. Rad1 Nac7 20. Ne5 Bxe5 21. Rxe5 Rd7 22. Rde1 Nf6 23. Bh4 Ncd5 24. Na4 Qd8 25. Qf3 Kg7 26. Bg5 h6 27. Bd2 Nc7 28. Qe3 Rxd4 29. Qxh6+ Kg8 30. Bg5 Rxa4 31. R1e3 Rd4 32. Rg3 Nh7 33. Be3 Rd5 34. Re4 Rf5 35. Rh4 Qd1+ 36. Kh2 e6 37. Qxh7+ Kf8 38. Bg5 Rxg5 39. Qh6+ Ke7 40. Qxg5+ Kd7 41. Qe5 Nd5 42. Qd6+ Kc8 43. Rh7 Rd8 44. Qe5 f6 45. Qxe6+ Kb8 46. Qf7 1-0

[Event "COL-ch Amateur"]
[Site "Villavicencio"]
[Date "2015.02.21"]
[Round "7"]
[White "Silva, Jorge"]
[Black "Pereira Vera, Henry Alberto"]
[Result "0-1"]
[WhiteElo "1974"]
[BlackElo "1955"]
[PlyCount "82"]
[EventDate "2015.02.18"]
[EventType "swiss"]
[EventRounds "9"]
[EventCountry "COL"]
[SourceTitle "CBM 165 Extra"]
[Source "ChessBase"]
[SourceDate "2015.04.21"]
[SourceVersion "1"]
[SourceVersionDate "2015.04.21"]
[SourceQuality "1"]

1. e4 d5 2. exd5 Qxd5 3. Nc3 Qd6 4. d4 Nf6 5. Nf3 g6 6. Be2 Bg7 7. 0-0 0-0 8. Re1 a6 9. Ne5 Nc6 10. Nxc6 Qxc6 11. Bf3 Qd6 12. g3 c6 13. Bf4 Qb4 14. a3 Qxb2 15. Na4 Qb5 16. c4 Qa5 17. Rxe7 Be6 18. d5 Qd8 19. Rxb7 cxd5 20. c5 Ne4 21. Rc1 g5 22. Be3 f5 23. Bxe4 fxe4 24. Qd2 d4 25. Bxg5 e3 26. Bxe3 dxe3 27. Qxe3 Qd5 28. Re7 Bh3 29. Qe4 Qd2 30. Qe1 Rxf2 31. Qxf2 Qxc1+ 32. Re1 Qc4 33. Nb6 Qd3 34. Qa2+ Kf8 35. Qf2+ Kg8 36. Qa2+ Kh8 37. Qe2 Bd4+ 38. Kh1 Qxe2 39. Rxe2 Rf8 40. Re1 Rf2 41. Rg1 Bg2+ 0-1